| 000 | 00566nam a2200181Ia 4500 | ||
|---|---|---|---|
| 005 | 20250423094446.0 | ||
| 008 | 250422s9999 xx 000 0 und d | ||
| 020 | _a9781118746318 | ||
| 050 | _aQP 38 .P43/ | ||
| 100 | _aPeate, Ian | ||
| 245 | 0 | _aAnatomy and physiology for nurses at a glance | |
| 260 | _aChichester Includes bibliographical references and index. | ||
| 260 | _b John Wiley & Sons | ||
| 260 | _c2015 | ||
| 300 | _a153 p | ||
| 650 | _a Anatomy--Nurses' Instruction. Physiological Phenomena--Nurses' Instruction. | ||
| 942 | _cBK | ||
| 999 |
_c27301 _d27301 |
||